Recurring segments on The Colbert Report Quiz Stats

 Plays Quiz not verified by Sporcle

Challenge
Share
Tweet
Embed
Score 0/23 Timer 05:00
0 Plays Today
number of segments (as of 30 Jan 2012 segment % Correct
448The Word
90.3%
105Better Know A District
71%
37Threat Down
66.7%
33Cheating Death
64.5%
120Tip Of The Hat Wag Of The Finger
58.1%
46Sport Report
54.8%
45On Notice
48.4%
11Whos Honoring Me Now
38.7%
12Yahweh Or No Way
35.5%
22Formidable Opponent
32.3%
11Whos Not Honoring Me Now
32.3%
9Current Events
32.3%
number of segments (as of 30 Jan 2012 segment % Correct
42Alpha Dog Of The Week
29%
39Green Screen Challenge
25.8%
11Whos Riding My Coattails Now
22.6%
5Guitarmageddon
20.8%
77Colbert Bump
12.9%
29 Colbert Platinum
12.9%
7Meta Free For All
12.9%
37Tek Jansen
9.7%
22Stephens Sound Advice
8.3%
22Difference Makers
4.2%
12I Called It
0%

You're not logged in!

Compare scores with friends on all Sporcle quizzes.
OR
Log In

You Might Also Like...

Show Comments

Extras

Created Jan 18, 2012ReportNominate
Tags:Colbert Report

Top Quizzes Today


Score Distribution

Your Account Isn't Verified!

In order to create a playlist on Sporcle, you need to verify the email address you used during registration. Go to your Sporcle Settings to finish the process.

Report this User

Report this user for behavior that violates our Community Guidelines.

Details: